TV Characters by Surname Quiz Stats

 Plays Quiz Updated May 13, 2015

Also try: Sitcom Surnames
Challenge
Share
Tweet
Embed
Score 0/28 Timer 05:00
1 Play Today
Surname First Name % Correct
BingChandler
83.8%
UrkelSteven
74.9%
StinsonBarney
74.1%
SchruteDwight
70.7%
CooperSheldon
68.8%
FonzarelliArthur
64.6%
KramerCosmo
64.2%
SylvesterSue
57.3%
ShephardJack
51.4%
KelsoMichael
48.3%
NylundRose
43.7%
ClavinCliff
43.5%
KrabappelEdna
41.2%
HobbesMiranda
40.2%
Surname First Name % Correct
CuddyLisa
32.7%
GrissomGil
30.1%
YangCristina
27.6%
BartokomousBalki
27%
RossDoug
25.1%
PinkmanJesse
20.8%
AlmeidaTony
19.4%
KlingerMaxwell
19%
Booth Seeley
17.5%
McNeal Bill
16.9%
LeelaTuranga
15.8%
LittleOmar
12.4%
ScottMontgomery
10.6%
ThraceKara
6.9%

You're not logged in!

Compare scores with friends on all Sporcle quizzes.
OR
Log In

You Might Also Like...

Show Comments

Extras

Top Quizzes Today


Score Distribution

Your Account Isn't Verified!

In order to create a playlist on Sporcle, you need to verify the email address you used during registration. Go to your Sporcle Settings to finish the process.

Report this User

Report this user for behavior that violates our Community Guidelines.

Details: